000 00926cam a22002291 4500
001 s 33000241
003 DLC
005 20260227111911.0
008 880815s1840 mau 000 0 eng c
010 _as 33000241
035 _a(OCoLC)18354524
040 _aLibrary, Smithsonian Institution
_cDSI
_dDLC
042 _apremarc
050 0 0 _aE81
_b.S55
100 1 _aSmith, Jerome Van Crowninshield,
_d1800-1879.
245 0 2 _aA condensed historical examination of the wars of the Indians, in past and present times, within the boundaries of the United States.
_bWith an appendix, embracing the researches of antiquarians in relation to the first inhabitants of America. Designed for youth.
_cBy Jerome V.C. Smith ...
260 _aBoston,
_bG. Clarke,
_c1840.
300 _a304 p.
_c22 cm.
490 0 _aIndian Wars of America
650 0 _aIndians of North America
_xWars.
650 0 _aIndians of North America
_xHistory.
999 _c52715
_d52715